[Event "Hradec Kralove Region-chT 2223"]
[Site "Czech Republic"]
[Date "2023.04.02"]
[Round "11.6"]
[White "Gloser, Tomas"]
[Black "Valik, Ondrej"]
[Result "1-0"]
[WhiteElo "1613"]
[BlackElo "1676"]
[PlyCount "63"]
[EventDate "2022.10.09"]
[EventType "team-tourn"]
[EventRounds "11"]
[EventCountry "CZE"]
[SourceTitle "EXT 2024"]
[Source "ChessBase"]
[SourceDate "2023.10.10"]
[SourceVersion "1"]
[SourceVersionDate "2023.10.10"]
[SourceQuality "1"]

1. e4 c6 2. d4 d5 3. exd5 cxd5 4. c4 Nf6 5. Nc3 e6 6. Nf3 Nc6 7. Be2 Be7 8. 0-0 0-0 9. Be3 dxc4 10. Bxc4 Na5 11. Be2 b6 12. Ne5 Bb7 13. Bf3 Bxf3 14. Qxf3 Rc8 15. Rfd1 Nc4 16. Nxc4 Rxc4 17. d5 exd5 18. Nxd5 Nxd5 19. Rxd5 Qc7 20. Rad1 Rd8 21. Rxd8+ Bxd8 22. Qa8 h6 23. Qxd8+ Qxd8 24. Rxd8+ Kh7 25. Rd7 Rc2 26. Rxa7 Rxb2 27. g3 f6 28. Bd4 Rb1+ 29. Kg2 b5 30. Bc5 Rb2 31. a3 f5 32. Bb4 1-0

[Event "Hradec Kralove Region-chT 2223"]
[Site "Czech Republic"]
[Date "2023.02.26"]
[Round "9.6"]
[White "Gloser, Tomas"]
[Black "Prochazka, Jan"]
[Result "1/2-1/2"]
[WhiteElo "1602"]
[BlackElo "1816"]
[PlyCount "92"]
[EventDate "2022.10.09"]
[EventType "team-tourn"]
[EventRounds "11"]
[EventCountry "CZE"]
[SourceTitle "EXT 2024"]
[Source "ChessBase"]
[SourceDate "2023.10.10"]
[SourceVersion "1"]
[SourceVersionDate "2023.10.10"]
[SourceQuality "1"]

1. e4 d5 2. exd5 Nf6 3. d4 c6 4. dxc6 Nxc6 5. Nf3 Bg4 6. Be2 e6 7. 0-0 Bd6 8. Be3 0-0 9. h3 Bh5 10. c4 Rc8 11. Nc3 Bb8 12. Qd2 a6 13. Rad1 Qc7 14. Rfe1 Rfd8 15. Qc1 Ne7 16. b3 b5 17. c5 b4 18. Na4 Nfd5 19. g4 Bg6 20. Bxa6 Be4 21. Ne5 f6 22. Bxc8 Rxc8 23. Bd2 fxe5 24. Rxe4 exd4 25. f4 Ng6 26. Nb6 Nxb6 27. cxb6 Qb7 28. Qb1 Qxb6 29. Qd3 e5 30. f5 Nf4 31. Bxf4 Rc3 32. Qd2 exf4 33. Qxd4 Qxd4+ 34. Rdxd4 Ba7 35. Kf1 Bxd4 36. Rxd4 Rxh3 37. Rxf4 Rh2 38. Rxb4 Rxa2 39. Rb8+ Kf7 40. g5 Ra5 41. Rb7+ Kf8 42. f6 gxf6 43. gxf6 Rf5+ 44. Ke2 Rxf6 45. b4 Ke8 46. b5 Kd8 1/2-1/2

[Event "Pardubice Czech op-C 32nd"]
[Site "Pardubice"]
[Date "2021.07.27"]
[Round "5"]
[White "Gloser, Tomas"]
[Black "Krupenko, Katja"]
[Result "1/2-1/2"]
[WhiteElo "1417"]
[BlackElo "1558"]
[PlyCount "33"]
[EventDate "2021.07.24"]
[EventType "swiss"]
[EventRounds "9"]
[EventCountry "CZE"]
[SourceTitle "EXT 2022"]
[Source "ChessBase"]
[SourceDate "2021.10.06"]
[SourceVersion "1"]
[SourceVersionDate "2021.10.06"]
[SourceQuality "1"]

1. e4 e5 2. Nf3 Nc6 3. d4 exd4 4. Nxd4 Nxd4 5. Qxd4 d6 6. Bc4 Nf6 7. e5 dxe5 8. Qxd8+ Kxd8 9. Bxf7 Bc5 10. 0-0 Rf8 11. Bc4 h6 12. Kh1 Ng4 13. f3 Nf2+ 14. Kg1 Ng4+ 15. Kh1 Nf2+ 16. Kg1 Ng4+ 17. Kh1 1/2-1/2

[Event "CZE-ch Betsys Online Blitz"]
[Site "Chess.com INT"]
[Date "2021.04.17"]
[Round "1"]
[White "Gloser, Tomas"]
[Black "Krouzel, Jaroslav"]
[Result "0-1"]
[WhiteElo "1417"]
[BlackElo "2139"]
[PlyCount "70"]
[EventDate "2021.04.17"]
[EventType "swiss (blitz)"]
[EventRounds "13"]
[EventCountry "CZE"]
[SourceTitle "CBM 201 Extra"]
[Source "ChessBase"]
[SourceDate "2021.05.31"]
[SourceVersion "1"]
[SourceVersionDate "2021.05.31"]
[SourceQuality "1"]

1. e4 e6 2. d4 d5 3. e5 c5 4. Nf3 Nc6 5. c3 cxd4 6. cxd4 Nge7 7. Bd3 Nf5 8. Bc2 Qb6 9. Bxf5 exf5 10. 0-0 Be6 11. Qb3 Qxb3 12. axb3 Be7 13. Nc3 0-0 14. Bf4 Rfc8 15. Rfc1 Nb4 16. Nb5 Rxc1+ 17. Rxc1 Nd3 18. Be3 Nxc1 19. Bxc1 a6 20. Nd6 h6 21. h3 g5 22. Nxb7 Rb8 23. Na5 Rb5 24. Nc6 Bf8 25. Bd2 Rxb3 26. Bc3 Bd7 27. Nb4 Bxb4 28. Bxb4 Rxb4 29. h4 g4 30. Ne1 Rxb2 31. Nd3 Rb1+ 32. Kh2 a5 33. Nc5 Be8 34. e6 fxe6 35. Nxe6 a4 0-1

[Event "CZE-ch Betsys Online Blitz"]
[Site "Chess.com INT"]
[Date "2021.04.17"]
[Round "10"]
[White "Gloser, Tomas"]
[Black "Saskova, Renata"]
[Result "1-0"]
[WhiteElo "1417"]
[BlackElo "1195"]
[PlyCount "83"]
[EventDate "2021.04.17"]
[EventType "swiss (blitz)"]
[EventRounds "13"]
[EventCountry "CZE"]
[SourceTitle "CBM 201 Extra"]
[Source "ChessBase"]
[SourceDate "2021.05.31"]
[SourceVersion "1"]
[SourceVersionDate "2021.05.31"]
[SourceQuality "1"]

1. e4 c5 2. d3 d6 3. Nd2 Nf6 4. g3 Nc6 5. Bg2 e6 6. Ngf3 Be7 7. 0-0 0-0 8. Re1 Bd7 9. Nf1 d5 10. e5 Ng4 11. h3 Nh6 12. N1h2 Qc7 13. Bf4 Nf5 14. g4 Nfd4 15. Nxd4 Nxd4 16. Bg3 Bg5 17. f4 Be7 18. Nf3 Nxf3+ 19. Bxf3 Qb6 20. b3 c4+ 21. Bf2 Bc5 22. Bxc5 Qxc5+ 23. Kh2 cxd3 24. Qxd3 Rac8 25. c4 Rfd8 26. cxd5 exd5 27. Qxd5 Qc2+ 28. Re2 Qc3 29. Qxb7 Qxa1 30. Qxa7 Rc1 31. a4 Bxg4 32. Bxg4 f5 33. Bxf5 Rdd1 34. Qb8+ Kf7 35. e6+ Ke7 36. Qb7+ Kd6 37. Qd7+ Kc5 38. Qb5+ Kd4 39. e7 Rh1+ 40. Kg3 Rcg1+ 41. Kh4 Qc3 42. Re4# 1-0

[Event "CZE-ch Betsys Online Blitz"]
[Site "Chess.com INT"]
[Date "2021.04.17"]
[Round "6"]
[White "Loucky, Tomas"]
[Black "Gloser, Tomas"]
[Result "1-0"]
[WhiteElo "1305"]
[BlackElo "1417"]
[PlyCount "63"]
[EventDate "2021.04.17"]
[EventType "swiss (blitz)"]
[EventRounds "13"]
[EventCountry "CZE"]
[SourceTitle "CBM 201 Extra"]
[Source "ChessBase"]
[SourceDate "2021.05.31"]
[SourceVersion "1"]
[SourceVersionDate "2021.05.31"]
[SourceQuality "1"]

1. e4 c5 2. Nf3 d6 3. d4 cxd4 4. Nxd4 Nf6 5. Nc3 g6 6. Be3 Bg7 7. Bc4 0-0 8. Qd2 Nc6 9. 0-0-0 Bd7 10. Bb3 Rc8 11. f3 a6 12. g4 b5 13. h4 Ne5 14. h5 Nc4 15. Qf2 Qa5 16. hxg6 fxg6 17. Bh6 Rf7 18. Bxg7 Rxg7 19. g5 Nh5 20. Rh2 e5 21. Nde2 Rc6 22. Qa7 Qc7 23. Qa8+ Qc8 24. Qxc8+ Bxc8 25. Nd5 Kf8 26. Nf6 Nxf6 27. gxf6 Rf7 28. Nc3 Rxf6 29. Rxh7 Kg8 30. Rdh1 Be6 31. Rh8+ Kf7 32. R1h7# 1-0

[Event "Hradec Kralove op 10th"]
[Site "Hradec Kralove"]
[Date "2019.10.27"]
[Round "2"]
[White "Gloser, Tomas"]
[Black "Krasa, Marek"]
[Result "1/2-1/2"]
[WhiteElo "1401"]
[BlackElo "1686"]
[PlyCount "82"]
[EventDate "2019.10.26"]
[EventType "swiss"]
[EventRounds "9"]
[EventCountry "CZE"]
[SourceTitle "CBM 193 Extra"]
[Source "ChessBase"]
[SourceDate "2020.01.31"]
[SourceVersion "1"]
[SourceVersionDate "2020.01.31"]
[SourceQuality "1"]

1. e4 c5 2. Nc3 e6 3. b3 a6 4. Bb2 b5 5. d3 Bb7 6. Qd2 Nf6 7. g3 Be7 8. Bg2 0-0 9. Nf3 d5 10. exd5 Nxd5 11. 0-0 Bf6 12. Rfe1 Nd7 13. Nd1 Bxb2 14. Nxb2 Qf6 15. d4 Rac8 16. c4 N5b6 17. dxc5 Nxc5 18. Ne5 Rfd8 19. Qc2 Bxg2 20. Kxg2 h6 21. Qe2 Rd4 22. f3 Rcd8 23. Rad1 Rxd1 24. Rxd1 Rxd1 25. Nxd1 bxc4 26. Nxc4 Nd5 27. Qd2 Qa1 28. Nce3 Qe5 29. Nxd5 exd5 30. Qe3 Qxe3 31. Nxe3 d4 32. Nf5 Ne6 33. Kf2 h5 34. Ke2 g6 35. Ne7+ Kg7 36. Nc6 Kf6 37. Kd3 g5 38. Nxd4 Nc7 39. Ke4 Ne8 40. Nf5 Nc7 41. h3 Nb5 1/2-1/2